Welcome to CU Library Online Public Access Catalogue (OPAC)

Managing the corporate intranet / (Record no. 4956)

MARC details
000 -LEADER
fixed length control field 01132cam a2200289 a 4500
001 - CONTROL NUMBER
control field 3545011
005 - DATE AND TIME OF LATEST TRANSACTION
control field 20250319142316.0
008 - FIXED-LENGTH DATA ELEMENTS--GENERAL INFORMATION
fixed length control field 971006s1998 nyua 001 0 eng
020 ## - INTERNATIONAL STANDARD BOOK NUMBER
International Standard Book Number 0471199788 (pbk. : alk. paper)
050 00 - LIBRARY OF CONGRESS CALL NUMBER
Classification number HD30.385
Item number .M54 1998
082 00 - DEWEY DECIMAL CLASSIFICATION NUMBER
Classification number 658/.0546
Edition information 21
100 1# - MAIN ENTRY--PERSONAL NAME
Personal name Miller, Mitra,
Dates associated with a name 1970-
245 10 - TITLE STATEMENT
Title Managing the corporate intranet /
Statement of responsibility, etc. Mitra Miller, Andrew Roehr, Benjamin Bernard.
260 ## - PUBLICATION, DISTRIBUTION, ETC.
Place of publication, distribution, etc. New York :
Name of publisher, distributor, etc. Wiley,
Date of publication, distribution, etc. c1998.
300 ## - PHYSICAL DESCRIPTION
Extent xx, 427 p. :
Other physical details ill. ;
Dimensions 24 cm.
500 ## - GENERAL NOTE
General note On cover: Per Sé Technologies.
500 ## - GENERAL NOTE
General note "Wiley Computer Publishing."
500 ## - GENERAL NOTE
General note Includes index.
650 #0 - SUBJECT ADDED ENTRY--TOPICAL TERM
Topical term or geographic name entry element Intranets (Computer networks)
650 #0 - SUBJECT ADDED ENTRY--TOPICAL TERM
Topical term or geographic name entry element Business enterprises
General subdivision Computer networks.
700 1# - ADDED ENTRY--PERSONAL NAME
Personal name Roehr, Andrew J.,
Dates associated with a name 1964-
700 1# - ADDED ENTRY--PERSONAL NAME
Personal name Bernard, Benjamin,
Dates associated with a name 1971-
856 4# - ELECTRONIC LOCATION AND ACCESS
Materials specified Table of Contents
Uniform Resource Identifier <a href="http://www.loc.gov/catdir/toc/onix05/97041086.html">http://www.loc.gov/catdir/toc/onix05/97041086.html</a>
856 42 - ELECTRONIC LOCATION AND ACCESS
Materials specified Contributor biographical information
Uniform Resource Identifier <a href="http://www.loc.gov/catdir/enhancements/fy0707/97041086-b.html">http://www.loc.gov/catdir/enhancements/fy0707/97041086-b.html</a>
856 42 - ELECTRONIC LOCATION AND ACCESS
Materials specified Publisher description
Uniform Resource Identifier <a href="http://www.loc.gov/catdir/enhancements/fy0707/97041086-d.html">http://www.loc.gov/catdir/enhancements/fy0707/97041086-d.html</a>
942 ## - ADDED ENTRY ELEMENTS (KOHA)
Source of classification or shelving scheme Library of Congress Classification
Koha item type Books
Suppress in OPAC No
999 ## -
-- 4956
-- 4956
Holdings
Withdrawn status Lost status Source of classification or shelving scheme Damaged status Not for loan Collection Home library Current library Shelving location Date acquired Total checkouts Full call number Barcode Date last seen Copy number Price effective from Koha item type
    Library of Congress Classification     Non-fiction Undergraduate Library (Christ Temple) Undergraduate Library (Christ Temple) General stacks 03/19/2025   HD30.385 MIL ulct00001767 03/19/2025 1 03/19/2025 Books
    Library of Congress Classification     Non-fiction Undergraduate Library (Christ Temple) Undergraduate Library (Christ Temple) General stacks 03/19/2025   HD30.385 MIL ulct00001768 03/19/2025 2 03/19/2025 Books
    Library of Congress Classification     Non-fiction Undergraduate Library (Christ Temple) Undergraduate Library (Christ Temple) General stacks 03/19/2025   HD30.385 MIL ulct00001769 03/19/2025 3 03/19/2025 Books
    Library of Congress Classification     Non-fiction Undergraduate Library (Christ Temple) Undergraduate Library (Christ Temple) General stacks 03/19/2025   HD30.385 MIL ulct00001770 03/19/2025 4 03/19/2025 Books
© 2023-2024 Copyright: Central University Libraries. All Rights Reserved | Created by: Mahone Tech Office